000 00294nam a22001337a 4500
008 180926b xxu||||| |||| 00| 0 eng d
020 _a9780520200296
041 _aeng
080 _a531
100 _a43
101 _aFIZ
245 _aUnderstanding Relativity
_cSartori, L
942 _2udc
_cBK
999 _c48504
_d48504